Saint Paul / (Record no. 163290)

MARC details
000 -LEADER
campo de control de longitud fija 01215nam a22002775i 4500
001 - NÚMERO DE CONTROL
campo de control 163290
003 - IDENTIFICADOR DE NÚMERO DE CONTROL
campo de control ES-MaACL
005 - FECHA Y HORA DE LA ÚLTIMA TRANSACCIÓN
campo de control 20250703063122.0
008 - DATOS DE LONGITUD FIJA--INFORMACIÓN GENERAL
campo de control de longitud fija 991116s1869 fr b |||| | fre d
040 ## - FUENTE DE CATALOGACIÓN
Centro catalogador/agencia de origen CCPB | B
Lengua de catalogación spa
Centro/agencia transcriptor CCPB | B
100 1# - ENTRADA PRINCIPAL--NOMBRE DE PERSONA
Nombre de persona Renan, Ernest,
Fechas asociadas al nombre 1823-1892
Término indicativo de función/relación Autor
9 (RLIN) 96168
245 10 - MENCIÓN DEL TÍTULO
Título Saint Paul /
Mención de responsabilidad, etc. par Ernest Renan ; avec une carte des voyages de Saint Paul par M. Kiepert,.
260 ## - PUBLICACIÓN, DISTRIBUCIÓN, ETC.
Lugar de publicación, distribución, etc. Paris :
Nombre del editor, distribuidor, etc. Michel Lévy Frères, éditeurs,
Fecha de publicación, distribución, etc. 1869 (
Fabricante J. Claye, imprimeur)
300 ## - DESCRIPCIÓN FÍSICA
Extensión [4], LXXVII, 572 p., [1] h. de map. col. ;
Dimensiones 23 cm.
490 1# - MENCIÓN DE SERIE
Mención de serie Histoire des origines du christianisme. Livre troisième
599 ## - NOTA A LAS ILUSTRACIONES
NOTA A LAS ILUSTRACIONES La h. de map. pleg. col. es calc.
600 04 - PUNTO DE ACCESO ADICIONAL DE MATERIA--NOMBRE DE PERSONA
Nombre de persona Pablo
Títulos y otros términos asociados al nombre Santo.
9 (RLIN) 88088
650 #4 - PUNTO DE ACCESO ADICIONAL DE MATERIA--TÉRMINO DE MATERIA
Término de materia o nombre geográfico como elemento de entrada Cristianismo-
Subdivisión general Historia.
9 (RLIN) 11430
700 11 - ENTRADA AGREGADA--NOMBRE PERSONAL
Nombre de persona Kiepert, Heinrich,
Fechas asociadas al nombre 1818-1899
Término indicativo de función/relación Colaborador
9 (RLIN) 128452
830 0# - PUNTO DE ACCESO ADICIONAL DE SERIE-TÍTULO UNIFORME
Título uniforme Histoire des origines du christianisme. Livre troisième
9 (RLIN) 222264
852 ## - LOCALIZACIÓN
Ubicación ES-MaACL
Ubicación en estantería Depósito 2
Número de control de estantería F-7019
Encuadernación Pasta española
852 ## - LOCALIZACIÓN
Ubicación ES-MaACL
Ubicación en estantería Sala Valle Inclán
Anotaciones manuscritas Firma autógrafa de Antonio Aura Boronat, Madrid 20 de diciembre 1869
Donativo/Legado Donativo de Antonio Aura Boronat
Número de control de estantería D-4998
Encuadernación Hoolandesa
942 ## - ELEMENTOS DE ENTRADA SECUNDARIOS (KOHA)
Fuente del sistema de clasificación o colocación Clasificación decimal universal
Tipo de ítem Koha Libro impreso antiguo
Suprimir en OPAC No
Holdings
Estatus retirado Estado de pérdida Fuente del sistema de clasificación o colocación Estado de daño No para préstamo Colección Biblioteca de origen Biblioteca actual Ubicación en estantería Fecha de adquisición Fuente de adquisición Total de préstamos Signatura topográfica completa Código de barras Visto por última vez Tipo de ítem Koha
    Clasificación decimal universal     Libros del s. XIX Biblioteca del Ateneo de Madrid Biblioteca del Ateneo de Madrid Sala Valle Inclán 17/01/2008 Donación   D-4998 901171111 23/02/2023 Libro impreso antiguo
    Clasificación decimal universal     Libros del s. XIX Biblioteca del Ateneo de Madrid Biblioteca del Ateneo de Madrid Depósito 2 17/01/2008     F-7019 1171110 23/02/2023 Libro impreso antiguo